| 000 | 00768nam a2200265 a 4500 | ||
|---|---|---|---|
| 001 | 57445 | ||
| 003 | BD-RjUL | ||
| 005 | 20211209080520.0 | ||
| 008 | 050630s2006 nyu b 000 0 eng | ||
| 020 | _a0195189906 (pbk. : alk. paper) | ||
| 020 | _a9780195189902 | ||
| 035 | _a(BD-RjUL)57569 | ||
| 040 |
_aDLC _cDLC _dBAKER _dC#P _dBD-RjUL _beng |
||
| 041 | _aeng | ||
| 082 | 0 | 0 |
_a170 _223 _bWEP 2006 |
| 100 | 1 |
_aWeston, Anthony, _d1954- _9170592 |
|
| 245 | 1 | 2 |
_aA practical companion to ethics / _cAnthony Weston. |
| 250 | _a3rd ed. | ||
| 260 |
_aNew York : _bOxford University Press, _c2006. |
||
| 300 |
_axiii, 94 p. ; _c21 cm. |
||
| 504 | _aIncludes bibliographical references. | ||
| 650 | 0 |
_aEthics. _9170539 |
|
| 942 |
_2ddc _cBK |
||
| 999 |
_c57445 _d57445 |
||